Nueva enciclopedia escolar

Gespeichert in:
Bibliographische Detailangaben
1. Verfasser: HSR Autor
Weitere Verfasser: Soravilla Ilustrador
Format: keine Angabe
Sprache:Spanisch
Erschienen: Burgos,España Hijos de Santiago Rodríguez 1951
Ausgabe:28ª
Katalog:MANES:  Suchergebnis im Bibliothekskatalog
Schulbuchspezifische Eigenschaften:
Tags: Tag hinzufügen
Keine Tags, Fügen Sie den ersten Tag hinzu!
Hinzugefügt zu:26.04.2016
Geändert in:20.11.2024

MARC

LEADER 000000000a22000000004500
001 21319
003 OSt
005 20241121020156.0
008 160427s sp ||||| |||| 00| 0 spa d
041 1 |a spa 
040 |c centro_manes 
691 7 |a PRI 
100 1 |a HSR  |b Autor  |9 2048 
690 0 |a EyL  |a LEN  |a MATE 
700 1 |a Soravilla  |b Ilustrador  |9 1885 
245 0 0 |a Nueva enciclopedia escolar 
250 |a 28ª 
260 3 |a Burgos,España  |b Hijos de Santiago Rodríguez  |c 1951 
300 |a 576 p.  |c 14 x 19 cm. 
500 |a Edición corregida y reformada y con recapitulación al final de las lecciones. 
690 7 |a CN  |a ECS  |a GEO  |a RyM 
942 |2 ddc  |c BK 
546 |a España 
999 |c 26596  |d 26596 
999 |c manes:26596  |d 26596